The destiny of civilization. (Record no. 58773)

MARC details
000 -LEADER
fixed length control field 00714cam a22002531 4500
001 - CONTROL NUMBER
control field sa 64004821
003 - CONTROL NUMBER IDENTIFIER
control field DLC
005 - DATE AND TIME OF LATEST TRANSACTION
control field 20260227112028.0
008 - FIXED-LENGTH DATA ELEMENTS--GENERAL INFORMATION
fixed length control field 741223s1964 ii 000 0 eng
010 ## - LIBRARY OF CONGRESS CONTROL NUMBER
LC control number sa 64004821
015 ## - NATIONAL BIBLIOGRAPHY NUMBER
National bibliography number GB64-15764
035 ## - SYSTEM CONTROL NUMBER
System control number (OCoLC)1122293
040 ## - CATALOGING SOURCE
Original cataloging agency DLC
Transcribing agency OCU
Modifying agency Uk
-- DLC
042 ## - AUTHENTICATION CODE
Authentication code premarc
050 00 - LIBRARY OF CONGRESS CALL NUMBER
Classification number CB19
Item number .M76
051 ## - LIBRARY OF CONGRESS COPY, ISSUE, OFFPRINT STATEMENT
Classification number CB19
Item number .M76 1964a
Copy information Another issue. Published in New York.
082 ## - DEWEY DECIMAL CLASSIFICATION NUMBER
Classification number 301.2
100 1# - MAIN ENTRY--PERSONAL NAME
Personal name Mukerjee, Radhakamal,
Dates associated with a name 1889-
245 14 - TITLE STATEMENT
Title The destiny of civilization.
260 ## - PUBLICATION, DISTRIBUTION, ETC.
Place of publication, distribution, etc. Bombay,
-- New York,
Name of publisher, distributor, etc. Asia Pub. House
Date of publication, distribution, etc. [1964]
300 ## - PHYSICAL DESCRIPTION
Extent ix, 233 p.
Dimensions 23 cm.
504 ## - BIBLIOGRAPHY, ETC. NOTE
Bibliography, etc. note Bibliography: p.[219]-225.
650 #0 - SUBJECT ADDED ENTRY--TOPICAL TERM
Topical term or geographic name entry element Civilization
General subdivision Philosophy.

No items available.

Powered by Koha